[Event "2016 Girls Closed Championship"]
[Site "Manchester, NH"]
[Date "2016.06.25"]
[Round "1.1"]
[White "Wang, Annie"]
[Black "Liu, Joanna"]
[Result "1-0"]
[BlackElo "1850"]
[WhiteElo "2061"]
[LiveChessVersion "1.4.8"]

1. d4 {[%clk 1:30:58]} Nf6 {[%clk 1:30:55]} 2. c4 {[%clk 1:31:22]} e6
{[%clk 1:31:22]} 3. Nc3 {[%clk 1:31:46]} Bb4 {[%clk 1:31:45]} 4. Qc2
{[%clk 1:32:10]} Nc6 {[%clk 1:32:10]} 5. Nf3 {[%clk 1:32:34]} d6 {[%clk 1:32:36]}
6. Bd2 {[%clk 1:32:39]} O-O {[%clk 1:32:52]} 7. a3 {[%clk 1:33:01]} Bxc3
{[%clk 1:33:17]} 8. Bxc3 {[%clk 1:33:20]} Qe7 {[%clk 1:32:56]} 9. g3
{[%clk 1:33:35]} e5 {[%clk 1:32:57]} 10. d5 {[%clk 1:33:52]} Nb8 {[%clk 1:33:05]}
11. Bg2 {[%clk 1:30:46]} a5 {[%clk 1:33:03]} 12. b3 {[%clk 1:30:05]} c6
{[%clk 1:31:04]} 13. dxc6 {[%clk 1:26:31]} Nxc6 {[%clk 1:31:26]} 14. e4
{[%clk 1:23:03]} Bd7 {[%clk 1:28:48]} 15. O-O {[%clk 1:22:03]} Rfb8
{[%clk 1:28:39]} 16. Qd3 {[%clk 1:19:50]} Ne8 {[%clk 1:16:45]} 17. Rfd1
{[%clk 1:15:43]} Be6 {[%clk 1:11:54]} 18. Ne1 {[%clk 1:11:22]} f6
{[%clk 1:07:37]} 19. Nc2 {[%clk 1:08:36]} Qc7 {[%clk 1:06:01]} 20. Rac1
{[%clk 1:03:21]} Ne7 {[%clk 1:01:54]} 21. Ne3 {[%clk 1:01:41]} Ra6
{[%clk 0:54:27]} 22. Bb2 {[%clk 0:58:23]} Bf7 {[%clk 0:51:01]} 23. Kh1
{[%clk 0:49:26]} Rc6 {[%clk 0:46:17]} 24. Rf1 {[%clk 0:45:07]} b6
{[%clk 0:39:11]} 25. a4 {[%clk 0:38:44]} Qd7 {[%clk 0:34:39]} 26. f4
{[%clk 0:36:34]} Rd8 {[%clk 0:32:33]} 27. Rcd1 {[%clk 0:32:51]} Rc7
{[%clk 0:31:18]} 28. f5 {[%clk 0:29:16]} Kh8 {[%clk 0:28:36]} 29. Bf3
{[%clk 0:27:00]} Rb7 {[%clk 0:24:32]} 30. Qe2 {[%clk 0:24:26]} Nc6
{[%clk 0:23:12]} 31. Rg1 {[%clk 0:22:44]} Nb4 {[%clk 0:21:25]} 32. g4
{[%clk 0:21:44]} Qe7 {[%clk 0:20:41]} 33. h4 {[%clk 0:20:51]} Nc7
{[%clk 0:15:49]} 34. g5 {[%clk 0:19:34]} Be8 {[%clk 0:10:53]} 35. Bc1
{[%clk 0:14:19]} Nca6 {[%clk 0:09:37]} 36. Ng4 {[%clk 0:13:28]} Bh5
{[%clk 0:06:07]} 37. gxf6 {[%clk 0:09:45]} gxf6 {[%clk 0:06:27]} 38. Nh6
{[%clk 0:10:05]} Bxf3+ {[%clk 0:06:41]} 39. Qxf3 {[%clk 0:10:19]} Nc5
{[%clk 0:05:24]} 40. Rg3 {[%clk 0:40:12]} Rbb8 {[%clk 0:31:51]} 41. Rdg1
{[%clk 0:40:15]} Nbd3 {[%clk 0:24:10]} 42. Qg2 {[%clk 0:39:41]} Qf8
{[%clk 0:23:32]} 43. Rg8+ {[%clk 0:39:24]} Qxg8 {[%clk 0:23:53]} 44. Qxg8+
{[%clk 0:39:34]} Rxg8 {[%clk 0:24:16]} 45. Nf7# {[%clk 0:39:56]} 1-0

[Event "2016 Girls Closed Championship"]
[Site "Manchester, NH"]
[Date "2016.06.25"]
[Round "1.2"]
[White "Bykovtsev, Agata"]
[Black "Virkud, Apurva"]
[Result "1/2-1/2"]
[BlackElo "1913"]
[WhiteElo "2158"]
[LiveChessVersion "1.4.8"]

1. e4 {[%clk 1:30:57]} c5 {[%clk 1:30:57]} 2. Nf3 {[%clk 1:31:20]} d6
{[%clk 1:31:21]} 3. Nc3 {[%clk 1:31:46]} Nf6 {[%clk 1:31:43]} 4. d4
{[%clk 1:32:12]} cxd4 {[%clk 1:32:06]} 5. Nxd4 {[%clk 1:32:40]} a6
{[%clk 1:32:28]} 6. Bc4 {[%clk 1:33:05]} e6 {[%clk 1:32:53]} 7. O-O
{[%clk 1:33:28]} b5 {[%clk 1:32:44]} 8. Bb3 {[%clk 1:33:52]} Be7 {[%clk 1:31:46]}
9. Qf3 {[%clk 1:32:38]} Qc7 {[%clk 1:31:24]} 10. Qg3 {[%clk 1:32:28]} Nc6
{[%clk 1:31:25]} 11. Nxc6 {[%clk 1:32:29]} Qxc6 {[%clk 1:31:47]} 12. Re1
{[%clk 1:32:53]} Bb7 {[%clk 1:29:54]} 13. a3 {[%clk 1:32:51]} O-O
{[%clk 1:26:33]} 14. Bh6 {[%clk 1:32:59]} Ne8 {[%clk 1:26:43]} 15. Rad1
{[%clk 1:32:59]} Kh8 {[%clk 1:25:01]} 16. Bg5 {[%clk 1:33:21]} Bxg5
{[%clk 1:22:46]} 17. Qxg5 {[%clk 1:33:49]} Nf6 {[%clk 1:22:16]} 18. Rd3
{[%clk 1:33:38]} Rad8 {[%clk 1:19:27]} 19. Qd2 {[%clk 1:32:42]} Qc7
{[%clk 1:12:36]} 20. f3 {[%clk 1:27:05]} Rd7 {[%clk 1:10:24]} 21. Rd1
{[%clk 1:24:07]} Rfd8 {[%clk 1:08:11]} 22. Kh1 {[%clk 1:18:06]} Bc6
{[%clk 0:57:19]} 23. a4 {[%clk 1:11:19]} b4 {[%clk 0:42:47]} 24. Ne2
{[%clk 1:07:37]} Qb6 {[%clk 0:39:46]} 25. Nd4 {[%clk 1:04:40]} Bb7
{[%clk 0:37:10]} 26. c3 {[%clk 0:59:47]} bxc3 {[%clk 0:32:22]} 27. Qxc3
{[%clk 0:55:25]} e5 {[%clk 0:19:04]} 28. Ne2 {[%clk 0:52:40]} Bxe4
{[%clk 0:18:11]} 29. a5 {[%clk 0:52:03]} Qa7 {[%clk 0:17:31]} 30. R3d2
{[%clk 0:51:09]} h6 {[%clk 0:12:27]} 31. Ng3 {[%clk 0:45:29]} Bg6
{[%clk 0:09:29]} 32. Bd5 {[%clk 0:43:15]} Rc7 {[%clk 0:09:00]} 33. Qa3
{[%clk 0:40:08]} Qb8 {[%clk 0:07:46]} 34. Ne4 {[%clk 0:37:47]} Bxe4
{[%clk 0:06:00]} 35. fxe4 {[%clk 0:37:44]} Qb5 {[%clk 0:05:46]} 36. h3
{[%clk 0:31:11]} Nxd5 {[%clk 0:05:24]} 37. Rxd5 {[%clk 0:31:36]} Qe2
{[%clk 0:05:04]} 38. Qf3 {[%clk 0:18:09]} Qxf3 {[%clk 0:03:09]} 39. gxf3
{[%clk 0:18:38]} Rcd7 {[%clk 0:02:56]} 40. Rc1 {[%clk 0:48:31]} Rb8
{[%clk 0:32:47]} 41. Rc6 {[%clk 0:48:21]} Rxb2 {[%clk 0:32:29]} 42. Rxa6
{[%clk 0:34:55]} Rc7 {[%clk 0:27:39]} 43. Raxd6 {[%clk 0:34:15]} Rc1+
{[%clk 0:27:40]} 44. Rd1 {[%clk 0:34:38]} Rcc2 {[%clk 0:28:00]} 45. a6
{[%clk 0:32:32]} Rh2+ {[%clk 0:23:46]} 46. Kg1 {[%clk 0:33:01]} Rhg2+
{[%clk 0:22:40]} 47. Kh1 {[%clk 0:33:06]} Rh2+ {[%clk 0:22:39]} 48. Kg1
{[%clk 0:33:35]} 1/2-1/2

[Event "2016 Girls Closed Championship"]
[Site "Manchester, NH"]
[Date "2016.06.25"]
[Round "1.3"]
[White "Xiang, Evan"]
[Black "Feng, Maggie"]
[Result "1/2-1/2"]
[BlackElo "2227"]
[WhiteElo "1806"]
[LiveChessVersion "1.4.8"]

1. d4 {[%clk 1:30:58]} d5 {[%clk 1:30:51]} 2. Bf4 {[%clk 1:31:22]} Nf6
{[%clk 1:31:11]} 3. Nf3 {[%clk 1:31:34]} c5 {[%clk 1:31:16]} 4. e3
{[%clk 1:31:47]} Nc6 {[%clk 1:31:08]} 5. c3 {[%clk 1:32:08]} e6 {[%clk 1:31:12]}
6. Nbd2 {[%clk 1:32:28]} Bd6 {[%clk 1:31:20]} 7. Bg3 {[%clk 1:32:46]} O-O
{[%clk 1:31:01]} 8. Bd3 {[%clk 1:33:01]} b6 {[%clk 1:30:59]} 9. Qe2
{[%clk 1:33:15]} Bb7 {[%clk 1:24:39]} 10. Rd1 {[%clk 1:33:08]} Qe7
{[%clk 1:13:58]} 11. e4 {[%clk 1:31:27]} dxe4 {[%clk 1:11:15]} 12. Nxe4
{[%clk 1:31:10]} Nxe4 {[%clk 1:09:12]} 13. Bxe4 {[%clk 1:31:23]} cxd4
{[%clk 0:48:06]} 14. Bxd6 {[%clk 1:27:21]} Qxd6 {[%clk 0:48:29]} 15. Nxd4
{[%clk 1:27:43]} Nxd4 {[%clk 0:35:40]} 16. Rxd4 {[%clk 1:23:19]} Qc7
{[%clk 0:35:38]} 17. O-O {[%clk 1:23:20]} Rad8 {[%clk 0:33:22]} 18. Rfd1
{[%clk 1:22:57]} Rxd4 {[%clk 0:33:05]} 19. Rxd4 {[%clk 1:23:19]} Bxe4
{[%clk 0:33:26]} 20. Qxe4 {[%clk 1:23:27]} Rd8 {[%clk 0:33:45]} 21. h3
{[%clk 1:22:59]} Rxd4 {[%clk 0:33:05]} 22. Qxd4 {[%clk 1:21:35]} h6
{[%clk 0:27:45]} 23. c4 {[%clk 1:19:57]} e5 {[%clk 0:27:16]} 24. Qd5
{[%clk 1:20:05]} Qe7 {[%clk 0:25:30]} 25. a3 {[%clk 1:20:08]} Qg5
{[%clk 0:22:24]} 26. g3 {[%clk 1:15:53]} Qc1+ {[%clk 0:21:18]} 27. Kg2
{[%clk 1:16:22]} Qxb2 {[%clk 0:21:18]} 28. Qa8+ {[%clk 1:16:46]} Kh7
{[%clk 0:21:36]} 29. Qxa7 {[%clk 1:17:04]} f6 {[%clk 0:18:42]} 30. c5
{[%clk 1:14:38]} bxc5 {[%clk 0:18:13]} 31. Qxc5 {[%clk 1:15:07]} Qe2
{[%clk 0:17:02]} 32. Qb4 {[%clk 1:09:09]} e4 {[%clk 0:14:43]} 33. Qc3
{[%clk 1:07:51]} Qd1 {[%clk 0:11:57]} 34. Qe3 {[%clk 1:06:55]} Qc2
{[%clk 0:08:00]} 35. Qd4 {[%clk 1:05:04]} Qc6 {[%clk 0:04:54]} 36. Kh2
{[%clk 1:04:47]} f5 {[%clk 0:04:11]} 37. a4 {[%clk 1:03:58]} Qa6 {[%clk 0:04:32]}
38. Kg2 {[%clk 1:03:11]} Qc6 {[%clk 0:04:24]} 39. Kg1 {[%clk 1:02:56]} Qa6
{[%clk 0:04:07]} 40. Qd7 {[%clk 1:30:19]} Qf6 {[%clk 0:32:23]} 41. g4
{[%clk 1:28:35]} e3 {[%clk 0:22:34]} 42. fxe3 {[%clk 1:24:42]} fxg4
{[%clk 0:22:47]} 43. hxg4 {[%clk 1:23:20]} Qa1+ {[%clk 0:21:49]} 44. Kf2
{[%clk 1:22:46]} Qb2+ {[%clk 0:22:11]} 45. Kf3 {[%clk 1:23:01]} Qa1
{[%clk 0:22:21]} 46. Qf5+ {[%clk 1:22:21]} Kh8 {[%clk 0:22:21]} 47. Qc8+
{[%clk 1:20:20]} Kh7 {[%clk 0:22:37]} 48. Qc2+ {[%clk 1:20:47]} Kh8
{[%clk 0:22:51]} 49. Ke4 {[%clk 1:20:36]} Qh1+ {[%clk 0:20:54]} 50. Kd4
{[%clk 1:20:37]} Qa1+ {[%clk 0:21:18]} 51. Kd5 {[%clk 1:19:58]} Qe1
{[%clk 0:18:32]} 52. Ke4 {[%clk 1:11:07]} Qh1+ {[%clk 0:17:54]} 53. Kf4
{[%clk 1:11:02]} Qf1+ {[%clk 0:17:45]} 54. Ke4 {[%clk 1:08:52]} 1/2-1/2

[Event "2016 Girls Closed Championship"]
[Site "Manchester, NH"]
[Date "2016.06.25"]
[Round "1.4"]
[White "Nguyen, Emily"]
[Black "Yu, Jennifer"]
[Result "1/2-1/2"]
[BlackElo "2187"]
[WhiteElo "1944"]
[LiveChessVersion "1.4.8"]

1. d4 {[%clk 1:30:57]} Nf6 {[%clk 1:30:48]} 2. Bg5 {[%clk 1:31:23]} d5
{[%clk 1:31:11]} 3. Bxf6 {[%clk 1:31:49]} exf6 {[%clk 1:31:35]} 4. e3
{[%clk 1:32:16]} Bd6 {[%clk 1:31:35]} 5. c4 {[%clk 1:32:34]} c6 {[%clk 1:26:11]}
6. cxd5 {[%clk 1:32:17]} cxd5 {[%clk 1:26:36]} 7. Nc3 {[%clk 1:32:45]} Be6
{[%clk 1:26:58]} 8. g3 {[%clk 1:30:30]} O-O {[%clk 1:23:47]} 9. Bg2
{[%clk 1:30:53]} Nc6 {[%clk 1:13:05]} 10. Nge2 {[%clk 1:29:29]} Bc7
{[%clk 1:11:45]} 11. O-O {[%clk 1:29:03]} Qd7 {[%clk 1:10:20]} 12. Rc1
{[%clk 1:28:04]} Rfd8 {[%clk 1:08:50]} 13. Qb3 {[%clk 1:11:46]} Na5
{[%clk 1:03:48]} 14. Qb5 {[%clk 1:08:31]} Qe7 {[%clk 0:51:16]} 15. Qc5
{[%clk 1:04:55]} Qxc5 {[%clk 0:46:03]} 16. dxc5 {[%clk 1:05:23]} Rd7
{[%clk 0:44:43]} 17. Rfd1 {[%clk 1:03:22]} Rad8 {[%clk 0:44:48]} 18. b3
{[%clk 0:59:09]} Nc6 {[%clk 0:42:20]} 19. Rc2 {[%clk 0:57:21]} Be5
{[%clk 0:33:16]} 20. Rcd2 {[%clk 0:53:50]} Ne7 {[%clk 0:28:54]} 21. h3
{[%clk 0:50:09]} f5 {[%clk 0:24:11]} 22. Nd4 {[%clk 0:45:55]} g6 {[%clk 0:20:24]}
23. a3 {[%clk 0:38:54]} Rc8 {[%clk 0:16:57]} 24. b4 {[%clk 0:38:47]} b6
{[%clk 0:16:48]} 25. Na4 {[%clk 0:36:37]} Rb7 {[%clk 0:16:29]} 26. Bf1
{[%clk 0:30:17]} Bd7 {[%clk 0:13:28]} 27. Nb2 {[%clk 0:26:08]} Rbc7
{[%clk 0:10:31]} 28. Nd3 {[%clk 0:24:37]} Bf6 {[%clk 0:10:12]} 29. Bg2
{[%clk 0:22:01]} Ba4 {[%clk 0:09:36]} 30. Rc1 {[%clk 0:20:44]} Bd7
{[%clk 0:08:26]} 31. Rdc2 {[%clk 0:18:14]} Ba4 {[%clk 0:07:40]} 32. Rd2
{[%clk 0:17:08]} Bd7 {[%clk 0:06:42]} 33. Rdc2 {[%clk 0:13:14]} Ba4
{[%clk 0:06:25]} 34. Rd2 {[%clk 0:13:38]} 1/2-1/2

[Event "2016 Girls Closed Championship"]
[Site "Manchester, NH"]
[Date "2016.06.25"]
[Round "1.5"]
[White "Yip, Carissa"]
[Black "Dong, Alice"]
[Result "1-0"]
[BlackElo "1953"]
[WhiteElo "2196"]
[LiveChessVersion "1.4.8"]

1. e4 {[%clk 1:30:49]} c5 {[%clk 1:30:23]} 2. Nf3 {[%clk 1:31:15]} Nc6
{[%clk 1:30:50]} 3. d4 {[%clk 1:31:40]} cxd4 {[%clk 1:31:16]} 4. Nxd4
{[%clk 1:32:07]} e6 {[%clk 1:31:41]} 5. Nc3 {[%clk 1:32:33]} Qc7 {[%clk 1:32:07]}
6. g3 {[%clk 1:32:57]} a6 {[%clk 1:32:23]} 7. Bg2 {[%clk 1:33:21]} Be7
{[%clk 1:32:31]} 8. O-O {[%clk 1:33:35]} d6 {[%clk 1:32:56]} 9. Re1
{[%clk 1:33:50]} Bd7 {[%clk 1:33:20]} 10. Be3 {[%clk 1:33:23]} Nf6
{[%clk 1:33:40]} 11. f4 {[%clk 1:32:36]} O-O {[%clk 1:33:45]} 12. a4
{[%clk 1:32:42]} Rac8 {[%clk 1:33:14]} 13. Nb3 {[%clk 1:22:53]} b6
{[%clk 1:31:35]} 14. h3 {[%clk 1:22:15]} Rfd8 {[%clk 1:30:08]} 15. Qe2
{[%clk 1:22:00]} Nb8 {[%clk 1:28:14]} 16. Qf2 {[%clk 1:21:32]} Qb7
{[%clk 1:27:01]} 17. Bxb6 {[%clk 1:21:07]} Re8 {[%clk 1:27:23]} 18. Na5
{[%clk 1:18:49]} Qa8 {[%clk 1:27:43]} 19. e5 {[%clk 1:17:24]} Nd5
{[%clk 1:28:00]} 20. Nxd5 {[%clk 1:16:17]} exd5 {[%clk 1:28:28]} 21. c4
{[%clk 1:14:30]} Nc6 {[%clk 1:28:06]} 22. Bxd5 {[%clk 1:13:44]} Qb8
{[%clk 1:26:38]} 23. e6 {[%clk 1:12:31]} fxe6 {[%clk 1:22:54]} 24. Nxc6
{[%clk 1:12:52]} Rxc6 {[%clk 1:22:58]} 25. Bxc6 {[%clk 1:13:03]} Bxc6
{[%clk 1:23:26]} 26. Rxe6 {[%clk 1:12:59]} Bd7 {[%clk 1:23:34]} 27. Re4
{[%clk 1:12:52]} Bf5 {[%clk 1:22:57]} 28. Ree1 {[%clk 1:11:25]} Bxh3
{[%clk 1:22:56]} 29. a5 {[%clk 1:08:48]} Qb7 {[%clk 1:22:20]} 30. Re3
{[%clk 1:07:31]} Rc8 {[%clk 1:21:39]} 31. Qe2 {[%clk 1:02:51]} Bf8
{[%clk 1:21:26]} 32. g4 {[%clk 1:03:01]} Qf7 {[%clk 1:20:13]} 33. Rxh3
{[%clk 1:02:33]} Rxc4 {[%clk 1:20:32]} 34. Rf3 {[%clk 1:00:23]} d5
{[%clk 1:19:59]} 35. Re1 {[%clk 0:55:59]} Re4 {[%clk 1:20:15]} 36. Qd2
{[%clk 0:55:27]} Rc4 {[%clk 1:19:15]} 37. Rd1 {[%clk 0:53:46]} d4
{[%clk 1:17:23]} 38. Rc1 {[%clk 0:49:44]} Ra4 {[%clk 1:13:37]} 39. Qc2
{[%clk 0:48:15]} Rb4 {[%clk 1:13:52]} 40. Bc5 {[%clk 1:17:08]} Rb5
{[%clk 1:40:06]} 41. Bxf8 {[%clk 1:17:19]} Qb7 {[%clk 1:40:21]} 42. Qc4+
{[%clk 1:16:55]} 1-0

[Event "2016 Girls Closed Championship"]
[Site "Manchester, NH"]
[Date "2016.06.26"]
[Round "2.1"]
[White "Liu, Joanna"]
[Black "Dong, Alice"]
[Result "0-1"]
[BlackElo "1953"]
[WhiteElo "1850"]
[LiveChessVersion "1.4.8"]

1. d4 {[%clk 1:30:58]} Nf6 {[%clk 1:30:29]} 2. c4 {[%clk 1:31:23]} e6
{[%clk 1:30:54]} 3. Nf3 {[%clk 1:31:48]} b6 {[%clk 1:30:42]} 4. g3
{[%clk 1:32:08]} Ba6 {[%clk 1:31:03]} 5. b3 {[%clk 1:32:31]} Bb4+
{[%clk 1:30:42]} 6. Bd2 {[%clk 1:32:54]} Be7 {[%clk 1:31:06]} 7. Bc3
{[%clk 1:33:19]} c6 {[%clk 1:30:32]} 8. Bg2 {[%clk 1:33:15]} d5 {[%clk 1:30:38]}
9. Nbd2 {[%clk 1:33:09]} O-O {[%clk 1:30:53]} 10. O-O {[%clk 1:33:34]} Nbd7
{[%clk 1:29:44]} 11. Re1 {[%clk 1:33:54]} Rc8 {[%clk 1:28:04]} 12. e4
{[%clk 1:33:49]} c5 {[%clk 1:26:03]} 13. e5 {[%clk 1:23:53]} Ne8 {[%clk 1:26:07]}
14. cxd5 {[%clk 1:20:39]} exd5 {[%clk 1:26:27]} 15. e6 {[%clk 1:14:35]} fxe6
{[%clk 1:25:45]} 16. Rxe6 {[%clk 1:14:49]} Nc7 {[%clk 1:24:49]} 17. Re3
{[%clk 1:12:34]} Nb5 {[%clk 1:22:53]} 18. Nb1 {[%clk 1:01:52]} Bf6
{[%clk 1:20:41]} 19. a4 {[%clk 0:55:35]} cxd4 {[%clk 1:16:08]} 20. axb5
{[%clk 0:48:19]} dxe3 {[%clk 1:13:20]} 21. fxe3 {[%clk 0:41:00]} Bxc3
{[%clk 1:11:14]} 22. Nxc3 {[%clk 0:41:21]} Rxc3 {[%clk 1:11:32]} 23. Qxd5+
{[%clk 0:40:08]} Kh8 {[%clk 1:11:52]} 24. bxa6 {[%clk 0:39:10]} Nc5
{[%clk 1:10:11]} 25. Ne5 {[%clk 0:35:00]} Qxd5 {[%clk 1:07:10]} 26. Bxd5
{[%clk 0:35:21]} g6 {[%clk 1:07:36]} 27. b4 {[%clk 0:32:19]} Nb3 {[%clk 1:05:49]}
28. Rb1 {[%clk 0:28:00]} Nc1 {[%clk 1:01:32]} 29. Nc6 {[%clk 0:24:50]} Ne2+
{[%clk 0:59:54]} 30. Kh1 {[%clk 0:24:19]} Ra3 {[%clk 0:59:37]} 31. Bc4
{[%clk 0:22:34]} Nc3 {[%clk 0:59:35]} 32. Rb3 {[%clk 0:20:35]} Ra1+
{[%clk 0:57:00]} 33. Kg2 {[%clk 0:20:56]} Ne4 {[%clk 0:56:11]} 34. Rb2
{[%clk 0:19:10]} Nd6 {[%clk 0:55:51]} 35. Bd3 {[%clk 0:18:42]} b5
{[%clk 0:54:58]} 36. Nxa7 {[%clk 0:18:17]} Rb8 {[%clk 0:51:41]} 37. Nc6
{[%clk 0:16:16]} Rb6 {[%clk 0:51:59]} 38. Nd4 {[%clk 0:13:12]} Raxa6
{[%clk 0:49:59]} 39. Rf2 {[%clk 0:09:37]} Rb8 {[%clk 0:49:57]} 40. Rf6
{[%clk 0:37:18]} Ra2+ {[%clk 1:20:07]} 41. Kh3 {[%clk 0:37:14]} Nc4
{[%clk 1:19:00]} 42. Nxb5 {[%clk 0:31:27]} Nxe3 {[%clk 1:18:26]} 43. Rf4
{[%clk 0:28:07]} Rd2 {[%clk 1:18:23]} 44. Rd4 {[%clk 0:27:31]} g5
{[%clk 1:16:24]} 45. g4 {[%clk 0:25:32]} Rf8 {[%clk 1:16:05]} 46. Bf5
{[%clk 0:24:31]} Rf2 {[%clk 1:15:23]} 47. Kg3 {[%clk 0:24:15]} Nxf5+
{[%clk 1:13:30]} 48. gxf5 {[%clk 0:24:38]} R2xf5 {[%clk 1:13:22]} 49. Nc7
{[%clk 0:23:10]} Rf1 {[%clk 1:12:30]} 50. Kg4 {[%clk 0:22:09]} Rg1+
{[%clk 1:10:44]} 51. Kh5 {[%clk 0:22:18]} Rg2 {[%clk 1:10:53]} 52. Ne6
{[%clk 0:21:07]} Re8 {[%clk 1:09:57]} 53. Nxg5 {[%clk 0:20:44]} Rxh2+
{[%clk 1:10:16]} 54. Kg4 {[%clk 0:20:41]} Rg8 {[%clk 1:10:23]} 55. Kf5
{[%clk 0:19:20]} Rh5 {[%clk 1:08:43]} 56. Rg4 {[%clk 0:19:36]} h6
{[%clk 1:09:07]} 0-1

[Event "2016 Girls Closed Championship"]
[Site "Manchester, NH"]
[Date "2016.06.26"]
[Round "2.2"]
[White "Yu, Jennifer"]
[Black "Yip, Carissa"]
[Result "1-0"]
[WhiteElo "2187"]
[BlackElo "2196"]
[PlyCount "127"]
[EventDate "2016.??.??"]
[WhiteClock "0:02:00"]
[BlackClock "0:01:11"]

1. c4 Nf6 2. Nc3 d5 3. cxd5 Nxd5 4. g3 g6 5. Bg2 Nb6 6. d3 Bg7 7. Be3 O-O 8.
Qd2 Nc6 9. h4 Ne5 10. h5 Ng4 11. hxg6 hxg6 12. Nf3 Nxe3 13. Qxe3 Nd5 14. Nxd5
Qxd5 15. Qxe7 Bf5 16. O-O Rfe8 17. Qxc7 Rac8 18. Qf4 Rxe2 19. Nh4 Qxd3 20. Rfd1
Qb5 21. Bf1 Be6 22. Bxe2 Qxe2 23. Rd2 Qb5 24. Qe3 Kh7 25. Ng2 Bxb2 26. a4 Qb4
27. Rb1 Rc1+ 28. Rd1 Rxd1+ 29. Rxd1 Qxa4 30. Rd8 Bf6 31. Rb8 Bd5 32. Kh2 Qe4
33. Qxe4 Bxe4 34. Ne3 Bc6 35. Nc4 Bc3 36. f4 a5 37. Ra8 b5 38. Ra6 Bb7 39. Ra7
bxc4 40. Rxb7 Bb4 41. Rxf7+ Kg8 42. Rc7 c3 43. Rc4 Kf7 44. Kg2 Ke6 45. Kf3 Kd5
46. Rc8 Kd4 47. Ke2 a4 48. Kd1 Kd3 49. Rd8+ Ke3 50. Kc2 Kf3 51. Rd4 Ba5 52.
Rxa4 Bd8 53. Rd4 Be7 54. Rd3+ Kg4 55. Rxc3 g5 56. Rc7 Bf6 57. Rc6 Be7 58. Re6
Bd8 59. Re8 Bf6 60. Rg8 Kxg3 61. fxg5 Ba1 62. g6 Kg4 63. Ra8 Bd4 64. g7 1-0

[Event "2016 Girls Closed Championship"]
[Site "Manchester, NH"]
[Date "2016.06.26"]
[Round "2.3"]
[White "Feng, Maggie"]
[Black "Nguyen, Emily"]
[Result "0-1"]
[BlackElo "1944"]
[WhiteElo "2227"]
[LiveChessVersion "1.4.8"]

1. d4 {[%clk 1:30:56]} d5 {[%clk 1:30:57]} 2. c4 {[%clk 1:31:16]} c6
{[%clk 1:31:23]} 3. e3 {[%clk 1:31:33]} Nf6 {[%clk 1:31:49]} 4. Nc3
{[%clk 1:31:52]} e6 {[%clk 1:32:04]} 5. Nf3 {[%clk 1:32:11]} Nbd7
{[%clk 1:32:30]} 6. Qc2 {[%clk 1:32:27]} Bd6 {[%clk 1:32:55]} 7. Bd2
{[%clk 1:32:38]} O-O {[%clk 1:32:23]} 8. h3 {[%clk 1:32:51]} dxc4
{[%clk 1:29:08]} 9. Bxc4 {[%clk 1:32:37]} e5 {[%clk 1:26:56]} 10. O-O
{[%clk 1:24:20]} Qe7 {[%clk 1:25:09]} 11. Bb3 {[%clk 1:22:40]} Bc7
{[%clk 1:03:05]} 12. Rad1 {[%clk 1:09:02]} h6 {[%clk 0:57:01]} 13. Nh4
{[%clk 0:59:51]} exd4 {[%clk 0:45:04]} 14. exd4 {[%clk 0:51:20]} Qd6
{[%clk 0:44:24]} 15. g3 {[%clk 0:35:40]} Nb6 {[%clk 0:42:05]} 16. Bf4
{[%clk 0:33:58]} Qd7 {[%clk 0:41:17]} 17. Bxh6 {[%clk 0:32:54]} Qxh3
{[%clk 0:39:10]} 18. Qg6 {[%clk 0:32:17]} Qg4 {[%clk 0:36:57]} 19. Bxg7
{[%clk 0:25:19]} Qxg6 {[%clk 0:35:39]} 20. Nxg6 {[%clk 0:25:41]} Kxg7
{[%clk 0:36:07]} 21. Nxf8 {[%clk 0:26:01]} Kxf8 {[%clk 0:36:34]} 22. Kg2
{[%clk 0:24:05]} Bf5 {[%clk 0:33:56]} 23. Rh1 {[%clk 0:21:37]} Kg7
{[%clk 0:32:37]} 24. Rde1 {[%clk 0:17:09]} Bd6 {[%clk 0:30:38]} 25. Re2
{[%clk 0:12:24]} Nbd5 {[%clk 0:27:10]} 26. Nxd5 {[%clk 0:08:06]} Nxd5
{[%clk 0:27:33]} 27. Bc2 {[%clk 0:03:12]} Bxc2 {[%clk 0:25:50]} 28. Rxc2
{[%clk 0:03:40]} Nb4 {[%clk 0:25:31]} 29. Rd2 {[%clk 0:04:03]} Nxa2
{[%clk 0:23:12]} 30. d5 {[%clk 0:03:45]} c5 {[%clk 0:20:50]} 31. f4
{[%clk 0:02:00]} Nb4 {[%clk 0:19:14]} 32. Kf3 {[%clk 0:02:22]} Rd8
{[%clk 0:17:25]} 33. g4 {[%clk 0:01:15]} Be7 {[%clk 0:16:14]} 34. Rdh2
{[%clk 0:01:00]} Bf6 {[%clk 0:15:11]} 35. g5 {[%clk 0:01:25]} Bd4
{[%clk 0:14:52]} 36. Rh7+ {[%clk 0:01:21]} Kf8 {[%clk 0:13:43]} 37. g6
{[%clk 0:01:31]} fxg6 {[%clk 0:11:54]} 38. Rxb7 {[%clk 0:01:57]} Nxd5
{[%clk 0:09:38]} 39. Rxa7 {[%clk 0:01:32]} Bxb2 {[%clk 0:08:35]} 40. Rb7
{[%clk 0:31:23]} Bf6 {[%clk 0:37:02]} 41. Rc1 {[%clk 0:19:58]} Rc8
{[%clk 0:34:05]} 42. Rd7 {[%clk 0:13:37]} Ne7 {[%clk 0:32:54]} 43. Rc4
{[%clk 0:10:24]} Kf7 {[%clk 0:31:27]} 44. Rd1 {[%clk 0:08:57]} Ke6
{[%clk 0:30:14]} 45. Kg4 {[%clk 0:07:17]} Bd4 {[%clk 0:29:08]} 46. Ra4
{[%clk 0:07:30]} Kd5 {[%clk 0:24:32]} 47. Re1 {[%clk 0:05:51]} Rc7
{[%clk 0:23:52]} 48. Ra6 {[%clk 0:05:39]} c4 {[%clk 0:20:44]} 49. Rae6
{[%clk 0:05:00]} Bc5 {[%clk 0:19:12]} 50. R6e5+ {[%clk 0:03:28]} Kd4
{[%clk 0:17:40]} 51. Rd1+ {[%clk 0:03:27]} Kc3 {[%clk 0:18:01]} 52. Re2
{[%clk 0:03:41]} Ba3 {[%clk 0:16:17]} 53. Re3+ {[%clk 0:01:53]} Kb4
{[%clk 0:15:06]} 54. Rb1+ {[%clk 0:01:45]} Ka4 {[%clk 0:15:23]} 55. Re6
{[%clk 0:01:14]} Rc6 {[%clk 0:14:49]} 56. Rxc6 {[%clk 0:00:41]} Nxc6
{[%clk 0:15:18]} 57. Kg5 {[%clk 0:01:09]} Ne7 {[%clk 0:15:36]} 58. Kf6
{[%clk 0:01:22]} c3 {[%clk 0:15:52]} 59. Re1 {[%clk 0:00:43]} c2 {[%clk 0:16:10]}
60. Kf7 {[%clk 0:00:52]} c1=Q {[%clk 0:16:01]} 61. Rxc1 {[%clk 0:01:15]} Bxc1
{[%clk 0:16:29]} 62. Kxe7 {[%clk 0:01:32]} Bxf4 {[%clk 0:16:56]} 63. Kf6
{[%clk 0:01:53]} g5 {[%clk 0:17:24]} 64. Kf5 {[%clk 0:02:16]} Kb3
{[%clk 0:17:49]} 65. Kg4 {[%clk 0:02:39]} Kc2 {[%clk 0:18:17]} 66. Kf3
{[%clk 0:03:06]} Kd3 {[%clk 0:18:45]} 67. Kg4 {[%clk 0:03:29]} Ke2
{[%clk 0:19:04]} 68. Kh3 {[%clk 0:03:53]} Bd2 {[%clk 0:19:29]} 69. Kg4
{[%clk 0:04:17]} Kf2 {[%clk 0:19:53]} 70. Kh3 {[%clk 0:04:42]} Kf3
{[%clk 0:20:18]} 71. Kh2 {[%clk 0:05:08]} g4 {[%clk 0:20:40]} 72. Kg1
{[%clk 0:05:34]} g3 {[%clk 0:21:05]} 73. Kf1 {[%clk 0:06:02]} g2+
{[%clk 0:21:26]} 74. Kg1 {[%clk 0:06:22]} Be3+ {[%clk 0:21:54]} 75. Kh2
{[%clk 0:06:46]} g1=Q+ {[%clk 0:22:19]} 76. Kh3 {[%clk 0:07:13]} Qg3#
{[%clk 0:22:46]} 0-1